Learning through theatre : new perspectives on theatre in education
Saved in:
| Other Authors: | |
|---|---|
| Format: | Book |
| Language: | English |
| Published: |
London :
Routledge,
1993
|
| Edition: | 3rd ed. |
| Subjects: | |
| Tags: |
Add Tag
No Tags, Be the first to tag this record!
|
MARC
| LEADER | 00000nam a2200000 i 4500 | ||
|---|---|---|---|
| 001 | 1/80818 | ||
| 008 | 990513s1993 eng d | ||
| 020 | |a 0-415-08610-8 | ||
| 035 | |l 10050734 | ||
| 040 | |a GR-MY-UA |b gre |e aacr | ||
| 041 | 0 | |a eng | |
| 082 | 0 | |a 372.1332 | |
| 245 | 1 | 0 | |a Learning through theatre : |b new perspectives on theatre in education / |c edited by Tony Jackson |
| 250 | |a 3rd ed. | ||
| 260 | |a London : |b Routledge, |c 1993 | ||
| 300 | |a 295 p. | ||
| 650 | 0 | 0 | |a Drama in education |z Great Britain. |
| 650 | 0 | 0 | |a Drama in education. |
| 700 | 1 | |a Jackson, Tony |d 1943 June 12- |4 edt | |
| 852 | |a INST |b RHODES |e 19990513 |h 372.1332 LEA |p 005400015219 |q 005400015219 |t BK |y 0 | ||
| 901 | |a BIBL4-1999-2 | ||
| 909 | |a Ρ |b 065209 |c 1999 | ||
| 922 | |a 4ΕΛΗ |b 199903 |d LEADER | ||